Psychológia a investovanie

Trh dokážu ovplyvniť aj momentálne emócie investorov. Názory na psychologickú analýzu trhu. Teória špekulatívnych bublín. Technologické šialenstvo z rokov 1998-2002 - jeden z príkladov, ako psychologický faktor vplýva na trh.

Gespeichert in:
Bibliographische Detailangaben
1. Verfasser: Antoničová, Katarína
Format: Buchkapitel
Sprache:Slowakisch
Schlagworte:
Tags: Tag hinzufügen
Keine Tags, Fügen Sie das erste Tag hinzu!

MARC

LEADER 00000naa$a2200000$$$4500
001 0041361
005 20231019083930.0
041 0 |a slo 
044 |a SK 
245 1 0 |a Psychológia a investovanie  |c Katarína Antoničová 
520 |a Trh dokážu ovplyvniť aj momentálne emócie investorov. Názory na psychologickú analýzu trhu. Teória špekulatívnych bublín. Technologické šialenstvo z rokov 1998-2002 - jeden z príkladov, ako psychologický faktor vplýva na trh. 
610 2 0 |a investovanie 
610 2 0 |a trh finančný 
610 2 0 |a psychológia 
610 2 0 |a papiere cenné 
610 2 0 |a riziko finančné 
610 2 0 |a investori 
100 1 |a Antoničová, Katarína